| 000 | 00451nam a22001457a 4500 | ||
|---|---|---|---|
| 020 | _a0-02-946563-X | ||
| 082 | _a519.502462 MEN'S | ||
| 100 |
_aSINCICH, TERRY, MENDENHALL, WILLIAM _967745 |
||
| 245 | _aSTATISTICS FOR ENGINEERING AND THE SCIENCES | ||
| 250 | _a3RD | ||
| 260 |
_aNEWYORK _bMACMILLAN _c1988 |
||
| 300 | _a963P | ||
| 650 |
_aMATHEMATICAL STATISTICS MATHEMATICS - DATA PROCESSING ENGINEERING - STATISTICAL METHODS _967746 |
||
| 942 | _cBK | ||
| 999 |
_c575453 _d575453 |
||